| 000 | 00459nam a2200157 i 4500 | ||
|---|---|---|---|
| 001 | 52201 | ||
| 003 | ES-MaACL | ||
| 005 | 20230906162536.0 | ||
| 007 | t| | ||
| 008 | 030826s1963 sp ||||1| fre d | ||
| 245 | 0 | 0 |
_aChthonia _b: recueil periodique des travaux sur l'immanence des notions religieuses primitives. |
| 260 |
_aBarcelona : _bHerder, _c[1963] |
||
| 300 |
_a157 p. ; _c24 cm. |
||
| 500 | _aEs el nÂș 7-8. | ||
| 852 |
_aES-MaACL _jC-44506 _bR.72264 |
||
| 999 |
_c52201 _d52201 |
||